Teaching styles (Record no. 5269)

MARC details
000 -LEADER
fixed length control field 00502 a2200169 4500
010 ## - LCCN (DPL NO)
LC control number ENG-86801
020 ## - INTERNATIONAL STANDARD BOOK NUMBER
Terms of availability 495.00
International Standard Book Number 8131301826
035 ## - SYSTEM CONTROL NUMBER
System control number EN-70334
037 ## - SOURCE OF ACQUISITION
Source of stock number/acquisition DBAD / PUB
082 00 - DEWEY DECIMAL CLASSIFICATION NUMBER
Classification number 371.102
100 ## - MAIN ENTRY--PERSONAL NAME
Personal name Mishra, R.C.
245 10 - TITLE STATEMENT
Title Teaching styles
Statement of responsibility, etc by R.C. Mishra
260 ## - PUBLICATION, DISTRIBUTION, ETC. (IMPRINT)
Place of publication, distribution, etc New Delhi
Name of publisher, distributor, etc A P H Publishing
Date of publication, distribution, etc 2007
270 ## - ADDRESS
Address 5, Ansari Road, Darya Ganj
City New Delhi
Electronic mail address aphbooks@vsnl.net
Postal code 110 002
300 ## - PHYSICAL DESCRIPTION
Extent viii, 242p
Dimensions 21 cm (Hb)
942 ## - ADDED ENTRY ELEMENTS (KOHA)
Institution code [OBSOLETE] dpl
Item type English Books
Source of classification or shelving scheme Dewey Decimal Classification
Classification part 371.102
Call number suffix MIS
Holdings
Withdrawn status Lost status Not for loan Collection code Home library Current library Source of acquisition Cost, normal purchase price Full call number Barcode Copy number Cost, replacement price Koha item type
    Not For Loan Non-fiction D.B.Act.Division D.B.Act.Division DBAD/PUB 495.00 371.102 MIS EN-70334 1 495.00 English Books

© Delhi Public Library
Hit Counter
free hit counter